Normal view MARC view

Entry Personal Name

Number of records used in: 1

001 - CONTROL NUMBER

  • control field: 9687

003 - CONTROL NUMBER IDENTIFIER

  • control field: DLC

005 - DATE AND TIME OF LATEST TRANSACTION

  • control field: 20231006151434.0

008 - FIXED-LENGTH DATA ELEMENTS

  • fixed length control field: 180131n| azannaabn |n aaa

010 ## - LIBRARY OF CONGRESS CONTROL NUMBER

  • LC control number: n 2018240417

040 ## - CATALOGING SOURCE

  • Original cataloging agency: DLC
  • Language of cataloging: eng
  • Description conventions: rda
  • Transcribing agency: DLC
  • Modifying agency: DLC

100 1# - HEADING--PERSONAL NAME

  • Personal name: Anshen, David

370 ## - ASSOCIATED PLACE

  • Place of residence/headquarters: Brownsville (Albemarle County, Va.)
  • Source of term: naf

372 ## - FIELD OF ACTIVITY

  • Field of activity: Popular culture--Study and teaching
  • Source of term: lcsh

373 ## - ASSOCIATED GROUP

  • Associated group: University of Texas Rio Grande Valley
  • Source of term: naf

374 ## - OCCUPATION

  • Occupation: Literature teachers
  • Source of term: lcsh

375 ## - GENDER

  • Gender: male

377 ## - ASSOCIATED LANGUAGE

  • Language code: eng

670 ## - SOURCE DATA FOUND

  • Source citation: Marxist literary and cultural theory, 2017:
  • Information found: t.p. (David Anshen; University of Texas Rio Grande Valley) cover (assistant professor, Department of Literatures and Cultural Studies, University of Texas Rio Grande Valley)

Powered by Koha